| 000 | 00748cam a2200253 i 4500 | ||
|---|---|---|---|
| 999 |
_c1684 _d1684 |
||
| 001 | 20050 | ||
| 003 | BD-DhUAP | ||
| 005 | 20220627131746.0 | ||
| 008 | 200212r20172011bg 000 0 eng | ||
| 020 | _a9789843322975 | ||
| 040 |
_aDLC _beng _cDLC _erda _dBD-DhUAP |
||
| 042 |
_alcode _apcc |
||
| 043 | _aa-bg--- | ||
| 082 |
_223 _a347.5492075 HAQ |
||
| 100 | 1 | _aHaque, Mohammad Hamidul. | |
| 245 | 1 | 0 |
_aTrial of civil suits and criminal cases / _cMohammad Hamidul Haque. |
| 250 | _a2nd ed. | ||
| 264 | 1 |
_aDhaka : _bUniversal Book House, _cc2011 [Reprinted 2017]. |
|
| 300 |
_axxiii, 568 pages ; _c24 cm. |
||
| 650 | 0 |
_aTrial practice _zBangladesh. |
|
| 650 | 0 |
_aProcedure (Law) _zBangladesh. |
|
| 650 | 0 |
_aTrials _zBangladesh. |
|
| 942 |
_2ddc _cBK |
||